Handbook of paper science. 2 V (Record no. 38486)

MARC details
000 -LEADER
fixed length control field 00338nam a2200133Ia 4500
082 ## - DEWEY DECIMAL CLASSIFICATION NUMBER
Classification number 676(035)
Item number RAN
245 #0 - TITLE STATEMENT
Title Handbook of paper science. 2 V
260 ## - PUBLICATION, DISTRIBUTION, ETC. (IMPRINT)
Place of publication New York
Name of publisher Elsevier
Year of publication 1982
505 ## - FORMATTED CONTENTS NOTE
Formatted contents note V 1..Fl 160.00;V 2..Fl 200
650 ## - SUBJECT ADDED ENTRY--TOPICAL TERM
Topical Term Paper science
700 ## - ADDED ENTRY--PERSONAL NAME
Personal name H F
942 ## - ADDED ENTRY ELEMENTS (KOHA)
Koha item type Books
Holdings
Withdrawn status Lost status Damaged status Not for loan Home library Current library Date acquired Cost, normal purchase price Full call number Accession Number Koha item type
        RRII Library RRII Library 16/12/2021 360.00 676(035) RAN 18843 Books